| 000 | 00531nam a2200181 4500 | ||
|---|---|---|---|
| 020 |
_a9788126909391 _cTZS 26,530.244 |
||
| 040 |
_aMUL _beng _eMUL |
||
| 082 | _a658.4 AHM | ||
| 100 | _aAhmad S. Fayyaz | ||
| 245 |
_aOrganisational behaviour / _cS. Fayyaz Ahmad, Nazir Ahmad Gilkar and Javid Ahmad Darzi |
||
| 260 |
_aDelhi : _bAtlantic Publishing , _cc2008. |
||
| 300 |
_a403 p . : _c22 cm. |
||
| 546 | _aeng. | ||
| 650 | _aOrganizational behaviour | ||
| 700 | _aGilkar Nazir Ahmad | ||
| 700 | _aDarzi Javid Ahmad | ||
| 942 | _cBK | ||
| 999 |
_c4989 _d4989 |
||